| 000 | 00345nam a22001337a 4500 | ||
|---|---|---|---|
| 008 | 170407b xxu||||| |||| 00| 0 eng d | ||
| 020 | _a0721657559 | ||
| 041 | _aeng | ||
| 080 |
_23RD _a616 |
||
| 100 | _a9 | ||
| 101 | _aSHM | ||
| 245 |
_aKATZENSTEIN AND ASKIN;S SURGICAL PATHOLOGY OF NON-NEOPLASTIC LUNG DISEASE _cKATZENSTEIN |
||
| 942 |
_2udc _cBK |
||
| 999 |
_c10245 _d10245 |
||